| 000 | 00845nam a22003017a 4500 | ||
|---|---|---|---|
| 001 | 17223111 | ||
| 003 | OSt | ||
| 005 | 20140310182903.0 | ||
| 008 | 120323s2011 ph 000 1 eng | ||
| 010 | _a 2012325111 | ||
| 020 | _a9789712726453 | ||
| 040 |
_aDLC _cDLC |
||
| 042 | _alcode | ||
| 050 | 0 | 0 |
_aPS 476 _b.C957 2011 |
| 082 |
_aFIL 899.210301 _b.C995 2011 |
||
| 100 | 1 |
_aCruz, Isagani R., _d1945- |
|
| 245 | 1 | 0 |
_aFather solo and other stories for adults only _cCruz, Isagani R. |
| 260 |
_aManila _bPublished and exclusively distributed by Anvil Pub. _cc2011 |
||
| 300 |
_a94 p. _c18 cm. |
||
| 500 | _aShort stories. | ||
| 521 | _aCollege | ||
| 526 | _c1210L-1700L | ||
| 541 | _j1 | ||
| 562 | _e1 | ||
| 906 |
_a7 _bcbc _corigode _d4 _encip _f20 _gy-gencatlg |
||
| 942 |
_2lcc _cBK _kFIL |
||
| 999 |
_c17118 _d17118 |
||